000 00526nam a2200169 i 4500
001 51129
003 ES-MaACL
005 20230906162313.0
007 t|
008 030811s1932 sp ||||1| spa d
100 1 _aCuerda Losa, José Joaquín.
_942014
245 1 0 _aEnsayos para una contrapintura
_b: (camino recto y seguro para llegar a ser porquero) /
_cJosé Joaquín Cuerda Losa.
260 _aMadrid :
_bJuan Pueyo,
_c1932.
300 _a315 p. ;
_c22 cm.
500 _aRetrato del autor.
852 _aES-MaACL
_jA-1656
999 _c51129
_d51129